Strzelcy bramek w 4 kolejce fazy grupowej LM w sezonie 20/21 - Statystyki

Ogólne statystyki
  • Ten quiz został rozwiązany 25 razy
  • Średni wynik to 21 z 45
Statystyki odpowiedzi
Mecz Piłkarz % Poprawnych
Bayern - Salzburg 1:0 Lewandowski
87%
Juventus - Ferencvaros 1:1 Ronaldo
87%
Dortmund - Brugge 1:0 Haaland
78%
Dortmund - Brugge 3:0 Haaland
78%
Lazio - Zenit 1:0 Immobile
78%
Lazio - Zenit 3:1 Immobile
78%
Manchester United - Basaksehir 3:0 Rashford
78%
Bayern - Salzburg 3:0 Sane
74%
PSG - RB Lipsk 1:0 Neymar
70%
Bayern - Salzburg 2:0 Coman
65%
Manchester United - Basaksehir 1:0 Fernandes
65%
Manchester United - Basaksehir 2:0 Fernandes
65%
Dynamo Kijów - Barcelona 0:4 Griezmann
65%
Dortmund - Brugge 2:0 Sancho
65%
Monchengladbach - Szachtar 1:0 Stindl
61%
Inter - Real Madryt 0:1 Hazard
57%
Rennes - Chelsea 1:2 Giroud
52%
Inter - Real Madryt 0:2 (bramka samobójcza) Hakimi
52%
Juventus - Ferencvaros 2:1 Morata
52%
Liverpool - Atalanta 0:1 Ilicic
48%
Ajax - Midtjylland 3:0 Neres
48%
Dynamo Kijów - Barcelona 0:2 Braithwaite
43%
Dynamo Kijów - Barcelona 0:3 Braithwaite
43%
Dynamo Kijów - Barcelona 0:1 Dest
43%
Monchengladbach - Szachtar 3:0 Embolo
43%
Rennes - Chelsea 0:1 Hudson-Odoi
43%
Krasnodar - Sevilla 0:1 Rakitic
43%
Olympiakos - Manchester City 0:1 Foden
39%
Manchester United - Basaksehir 4:1 James
39%
Bayern - Salzburg 3:1 Berisha
35%
Liverpool - Atalanta 0:2 Gosens
35%
Monchengladbach - Szachtar 2:0 Elvedi
30%
Ajax - Midtjylland 1:0 Gravenberch
30%
Krasnodar - Sevilla 1:2 Munir
30%
Olympique Marsylia - Porto 0:2 Oliveira
26%
Monchengladbach - Szachtar 4:0 Wendt
26%
Rennes - Chelsea 1:1 Guirassy
22%
Lazio - Zenit 2:1 Dzyuba
17%
Ajax - Midtjylland 2:0 Mazraoui
17%
Lazio - Zenit 2:0 Parolo
17%
Ajax - Midtjylland 3:1 Mabil
13%
Olympique Marsylia - Porto 0:1 Sanusi
13%
Manchester United - Basaksehir 3:1 Turuc
13%
Krasnodar - Sevilla 1:1 Wanderson
13%
Juventus - Ferencvaros 0:1 Uzuni
9%
Nie znaleziono quizów pasujących do podanych kryteriów
Rozkład punktacji
Procent ludzi z każdym wynikiem
Percentyl według liczby udzielonych odpowiedzi
Twoja historia wyników
Nie rozwiązałeś tego quizu